|
|
|
|
| LEADER |
00000naa2a2200000 4500 |
| 001 |
244928 |
| 005 |
20260112105338.0 |
| 035 |
|
|
|a (RuTPU)RU\TPU\book\266323
|
| 035 |
|
|
|a RU\TPU\book\266322
|
| 090 |
|
|
|a 244928
|
| 100 |
|
|
|a 20131031d2011 k||y0rusy50 ba
|
| 101 |
0 |
|
|a eng
|
| 102 |
|
|
|a RU
|
| 200 |
1 |
|
|a Feasibility of diffraction radiation from doubled target for beam diagnostics
|f D. A. Shkitov, A. P. Potylitsyn
|
| 320 |
|
|
|a Библиогр.: 1 (назв.)
|
| 463 |
|
0 |
|0 (RuTPU)RU\TPU\book\250355
|t RReps'11. Radiation from Relativistic Electrons in Periodic Structures
|o IX International Symposium, 12-16 September 2011, Egham, United Kingdom
|f RReps'11. Radiation from Relativistic Electrons in Periodic Structures, International Symposium ; Tomsk Polytechnic University (TPU)
|v С. 70
|d 2011
|
| 610 |
1 |
|
|a труды учёных ТПУ
|
| 610 |
1 |
|
|a диагностирование
|
| 610 |
1 |
|
|a лучевая диагностика
|
| 610 |
1 |
|
|a дифракционное излучение
|
| 610 |
1 |
|
|a двухслойные системы
|
| 610 |
1 |
|
|a мишени
|
| 700 |
|
1 |
|a Shkitov
|b D. A.
|c physicist
|c Junior Researcher, Tomsk Polytechnic University, Candidate of Physical and Mathematical Sciences
|f 1985-
|g Dmitriy Andreevich
|3 (RuTPU)RU\TPU\pers\31538
|9 15699
|
| 701 |
|
1 |
|a Potylitsyn
|b A. P.
|c Russian physicist
|c Professor of the TPU
|f 1945-
|g Alexander Petrovich
|3 (RuTPU)RU\TPU\pers\26306
|9 12068
|
| 801 |
|
1 |
|a RU
|b 63413507
|c 20131028
|
| 801 |
|
2 |
|a RU
|b 63413507
|c 20131129
|g RCR
|
| 942 |
|
|
|c BK
|